Online
Catalog

Yo seré tu maestro : (Record no. 33600)

MARC details
000 -CABECERA
campo de control de longitud fija 00678nam a2200193 a 4500
001 - NÚMERO DE CONTROL
campo de control 000034109
005 - FECHA Y HORA DE LA ÚLTIMA TRANSACCIÓN
campo de control 20200930070801.0
008 - DATOS DE LONGITUD FIJA--INFORMACIÓN GENERAL
campo de control de longitud fija 110923s2004 dr ad g 001 0 spa d
040 ## - FUENTE DE LA CATALOGACIÓN
Centro catalogador/agencia de origen DO-SdBNP
Lengua de catalogación spa
Centro/agencia transcriptor BNPHU
082 ## - NÚMERO DE LA CLASIFICACIÓN DECIMAL DEWEY
Número de clasificación 787.8707
Número de documento/Ítem P433y
100 1# - ENTRADA PRINCIPAL--NOMBRE DE PERSONA
Nombre de persona Perdomo Muñoz, Yoel de Jesús
9 (RLIN) 59542
245 10 - MENCIÓN DE TÍTULO
Título Yo seré tu maestro :
Resto del título método para aprender a tocar guitarra /
Mención de responsabilidad, etc. Yoel de Jesús Perdomo Muñoz.
260 ## - PUBLICACIÓN, DISTRIBUCIÓN, ETC.
Lugar de publicación, distribución, etc. [Santo Domingo :
Nombre del editor, distribuidor, etc. s.n.],
Fecha de publicación, distribución, etc. 2004.
300 ## - DESCRIPCIÓN FÍSICA
Extensión 67 p. :
Otras características físicas il., diagr. ;
Dimensiones 21 cm.
590 ## - NOTA LOCAL (RLIN)
Nota local Inventariado, 2018/LP
650 #4 - PUNTO DE ACCESO ADICIONAL DE MATERIA--TÉRMINO DE MATERIA
Término de materia o nombre geográfico como elemento de entrada Guitarra
Subdivisión general Enseñanza
9 (RLIN) 41526
650 #4 - PUNTO DE ACCESO ADICIONAL DE MATERIA--TÉRMINO DE MATERIA
Término de materia o nombre geográfico como elemento de entrada Guitarra
Subdivisión general Métodos autodidácticos
9 (RLIN) 59543
910 ## - DATOS DE OPCIÓN DEL USUARIO (OCLC)
Datos de opción del usuario Validado. Control de calidad EMS
Holdings
Estado de retiro Estado de pérdida No para préstamo Código de colección Localización permanente Ubicación/localización actual Ubicación en estantería Fecha de adquisición Número de inventario Total de préstamos Signatura topográfica completa Código de barras Fecha visto por última vez Precio válido a partir de Tipo de ítem Koha Número de copia
    Excluido de préstamo Patrimonio Dominicano Patrimonio Dominicano Patrimonio Dominicano Depósito 23.09.2011 LF1   787.8707 P433y 34109-10 25.06.2020 25.06.2020 Libro y Folleto Colección Patrimonio Dominicano  
    Excluido de préstamo Patrimonio Dominicano Patrimonio Dominicano Patrimonio Dominicano Depósito 23.09.2011 LF1   787.8707 P433y 34109-20 25.06.2020 25.06.2020 Libro y Folleto Colección Patrimonio Dominicano e.2

Powered by Koha